000 00647nam a22002057a 4500
003 OSt
005 20250830023111.0
008 250830b |||||||| |||| 00| 0 eng d
020 _a9781282021256
040 _aDWC-Main Lib.
_cOC
082 _23rd ed.
100 _aMCDONALD, ROBERT L.
245 _aDerivatives markets/
_cMCDONALD, ROBERT L.
260 _aLondon :
_bPearson Education,
_cc2014.
300 _aiv, 898 pages :
_billustrations ;
_c27 cm. + 1 CD-ROM (4 3/4 in.)
504 _aIncludes bibliographical references.
650 _a1. Derivative securities. I. Title.
760 _b3rd ed.
942 _2ddc
_cBK-CIRC
_hCirc.
_n0
999 _c4398
_d4398